000 01209nam a2200349 i 4500
001 25410
003 KOSZ 005
005 20230213141451.0
008 070820s1970 pl a f 001 0 pol
015 _aPB 1970/10117
040 _aWA N
_cWA N
_dKOSZ 005/RW
_dKOSZ 005/HR
046 _k1970
080 _a349.2(438)
100 1 _aMirończuk, Albin
_eAutor
245 1 0 _aUstawodawstwo pracy :
_bporadnik dla rad zakładowych /
_cAlbin Mirończuk.
250 _aWydanie 2 poprawione i uzupełnione, wg stanu prawnego na dzień 1 X 1970 r.
260 _aWarszawa :
_bWydawnictwo Związkowe CRZZ,
_c1970.
300 _a492, [4] strony :
_berrata ;
_c23 cm.
336 _aTekst
_btxt
_2rdacontent
337 _aBez urządzenia pośredniczącego
_bn
_2rdamedia
338 _aWolumin
_bnc
_2rdacarrier
380 _aKsiążki
388 _a1901-2000
388 _a1945-1989
504 _aIndeks.
650 4 _aPrawo pracy
651 4 _aPolska
658 _aPrawo i wymiar sprawiedliwości
710 2 _aWydawnictwo Związkowe CRZZ
_4pbl.
856 _uhttp://koha.tu.koszalin.pl/cgi-bin/koha/opac-detail.pl?biblionumber=25410
_yKatalog online BPK
942 _2UKD
_cKS
999 _c25410
_d25410